Identificación de los aportes de las políticas públicas locales a la cohesión social / Francesco Chiodi
Descripción Física:
64 p. : il. col. , quadres, taules ; 29 cm
Colección:
Guías metodológicas URB-AL III ; 6
MARC
| LEADER | 00000nam a2200000Ia 4500 | ||
|---|---|---|---|
| 001 | 23801 | ||
| 008 | 160829s2012 xx 000 0 cat d | ||
| 080 | |a Bib-48 | ||
| 100 | |a Chiodi, Francesco |9 49879 | ||
| 245 | |a Identificación de los aportes de las políticas públicas locales a la cohesión social / Francesco Chiodi | ||
| 260 | |a Barcelona : |b Urb-al III, Oficina de Coordinación y Orientación, |c 2012 | ||
| 300 | |a 64 p. : |b il. col. , quadres, taules ; |c 29 cm | ||
| 490 | |a Guías metodológicas URB-AL III ; 6 | ||
| 610 | 2 | 0 | |a Programa Urb-al III |9 55363 |
| 650 | |a Administració local |x Direcció i administració |9 39191 | ||
| 710 | 2 | |a Oficina de Coordinación y Orientación Urb-al III |9 54876 | |
| 901 | |a Arxiu | ||
| 942 | |n 1 | ||
| 952 | |0 0 |1 0 |4 0 |6 BIB48 |7 1 |9 55652 |a Arxiu |b Arxiu |d 2016-12-01 |l 0 |o Bib-48 |p 23801 |r 2016-12-01 00:00:00 |w 2016-12-01 |y ARXIU | ||
| 999 | |c 59525 |d 59525 | ||